{"text_format":"1","workbook":"xlsx","n_sheets":10,"sheets":["1ª MEDIÇÃO","2ª MEDIÇÃO","3ª MEDIÇÃO","4ª MEDIÇÃO","5ª MEDIÇÃO","6ª MEDIÇÃO","7ª MEDIÇÃO","8ª MEDIÇÃO","9ª MEDIÇÃO","PLANILHA SINTÉTICA"],"not_rendered":{"charts":0,"images":2,"macros":1,"external_links":12,"defined_names":1440,"comments":0,"pivot_tables":0},"unopened":[],"bounds":{"document_bytes":16777216,"sheet_cells":100000,"rows_first":2000,"rows_last":500,"rows_between":2000,"halvings":0,"cell_chars":16384,"cell_head_chars":4096},"cells_cut":0,"cells_raw":0,"read":"whole","date_system":"1900"}

{"sheet":"1ª MEDIÇÃO","index":0,"n_rows":4,"n_cols":10,"rows_kept":4,"cut":false,"hidden":true,"merged":[[0,0,0,8],[1,0,1,8],[2,0,2,8]]}
["TRIBUNAL DE JUSTIÇA DE PERNAMBUCO"]
[{"$f":"#REF!","v":{"$error":"#REF!"}}]
["MEMÓRIA DE CALCULO - 1ª MEDIÇÃO"]
["ITEM","DESCRIÇÃO","QUANT.","LARG.","COMP.","ALT.","TAXA","TOTAL","UNID","MEMORIAL FOTOGRÁFICO"]

{"sheet":"2ª MEDIÇÃO","index":1,"n_rows":4,"n_cols":10,"rows_kept":4,"cut":false,"hidden":true,"merged":[[0,0,0,8],[1,0,1,8],[2,0,2,8]]}
["TRIBUNAL DE JUSTIÇA DE PERNAMBUCO"]
[{"$f":"#REF!","v":{"$error":"#REF!"}}]
["MEMÓRIA DE CALCULO - 2ª MEDIÇÃO"]
["ITEM","DESCRIÇÃO","QUANT.","LARG.","COMP.","ALT.","TAXA","TOTAL","UNID","MEMORIAL FOTOGRÁFICO"]

{"sheet":"3ª MEDIÇÃO","index":2,"n_rows":4,"n_cols":10,"rows_kept":4,"cut":false,"hidden":true,"merged":[[0,0,0,8],[1,0,1,8],[2,0,2,8]]}
["TRIBUNAL DE JUSTIÇA DE PERNAMBUCO"]
[{"$f":"#REF!","v":{"$error":"#REF!"}}]
["MEMÓRIA DE CALCULO - 3ª MEDIÇÃO"]
["ITEM","DESCRIÇÃO","QUANT.","LARG.","COMP.","ALT.","TAXA","TOTAL","UNID","MEMORIAL FOTOGRÁFICO"]

{"sheet":"4ª MEDIÇÃO","index":3,"n_rows":4,"n_cols":10,"rows_kept":4,"cut":false,"hidden":true,"merged":[[0,0,0,8],[1,0,1,8],[2,0,2,8]]}
["TRIBUNAL DE JUSTIÇA DE PERNAMBUCO"]
[{"$f":"#REF!","v":{"$error":"#REF!"}}]
["MEMÓRIA DE CALCULO - 4ª MEDIÇÃO"]
["ITEM","DESCRIÇÃO","QUANT.","LARG.","COMP.","ALT.","TAXA","TOTAL","UNID","MEMORIAL FOTOGRÁFICO"]

{"sheet":"5ª MEDIÇÃO","index":4,"n_rows":4,"n_cols":10,"rows_kept":4,"cut":false,"hidden":true,"merged":[[0,0,0,8],[1,0,1,8],[2,0,2,8]]}
["TRIBUNAL DE JUSTIÇA DE PERNAMBUCO"]
[{"$f":"#REF!","v":{"$error":"#REF!"}}]
["MEMÓRIA DE CALCULO - 5ª MEDIÇÃO"]
["ITEM","DESCRIÇÃO","QUANT.","LARG.","COMP.","ALT.","TAXA","TOTAL","UNID","MEMORIAL FOTOGRÁFICO"]

{"sheet":"6ª MEDIÇÃO","index":5,"n_rows":4,"n_cols":10,"rows_kept":4,"cut":false,"hidden":true,"merged":[[0,0,0,8],[1,0,1,8],[2,0,2,8]]}
["TRIBUNAL DE JUSTIÇA DE PERNAMBUCO"]
[{"$f":"#REF!","v":{"$error":"#REF!"}}]
["MEMÓRIA DE CALCULO - 6ª MEDIÇÃO"]
["ITEM","DESCRIÇÃO","QUANT.","LARG.","COMP.","ALT.","TAXA","TOTAL","UNID","MEMORIAL FOTOGRÁFICO"]

{"sheet":"7ª MEDIÇÃO","index":6,"n_rows":4,"n_cols":10,"rows_kept":4,"cut":false,"hidden":true,"merged":[[0,0,0,8],[1,0,1,8],[2,0,2,8]]}
["TRIBUNAL DE JUSTIÇA DE PERNAMBUCO"]
[{"$f":"#REF!","v":{"$error":"#REF!"}}]
["MEMÓRIA DE CALCULO - 7ª MEDIÇÃO"]
["ITEM","DESCRIÇÃO","QUANT.","LARG.","COMP.","ALT.","TAXA","TOTAL","UNID","MEMORIAL FOTOGRÁFICO"]

{"sheet":"8ª MEDIÇÃO","index":7,"n_rows":4,"n_cols":10,"rows_kept":4,"cut":false,"hidden":true,"merged":[[0,0,0,8],[1,0,1,8],[2,0,2,8]]}
["TRIBUNAL DE JUSTIÇA DE PERNAMBUCO"]
[{"$f":"#REF!","v":{"$error":"#REF!"}}]
["MEMÓRIA DE CALCULO - 8ª MEDIÇÃO"]
["ITEM","DESCRIÇÃO","QUANT.","LARG.","COMP.","ALT.","TAXA","TOTAL","UNID","MEMORIAL FOTOGRÁFICO"]

{"sheet":"9ª MEDIÇÃO","index":8,"n_rows":4,"n_cols":10,"rows_kept":4,"cut":false,"hidden":true,"merged":[[0,0,0,8],[1,0,1,8],[2,0,2,8]]}
["TRIBUNAL DE JUSTIÇA DE PERNAMBUCO"]
[{"$f":"#REF!","v":{"$error":"#REF!"}}]
["MEMÓRIA DE CALCULO - 9ª MEDIÇÃO"]
["ITEM","DESCRIÇÃO","QUANT.","LARG.","COMP.","ALT.","TAXA","TOTAL","UNID","MEMORIAL FOTOGRÁFICO"]

{"sheet":"PLANILHA SINTÉTICA","index":9,"n_rows":293,"n_cols":7,"rows_kept":293,"cut":false,"hidden":false,"merged":[[292,0,292,5],[3,7,3,8],[4,7,4,8],[7,5,7,6],[7,4,8,4],[7,0,8,0],[7,2,8,2],[7,3,8,3],[7,1,8,1],[5,7,5,8],[6,7,6,8],[3,0,4,3],[3,5,3,6],[4,5,4,6],[5,0,6,3],[5,5,5,6],[6,5,6,6],[0,7,0,8],[1,7,1,8],[2,7,2,8],[0,0,0,3],[0,5,0,6],[1,0,2,3],[1,5,1,6],[2,5,2,6]]}
["PODER JUDICIÁRIO",null,null,null,"Obra:","SERVIÇO DE REFORMA NOS PRÉDIOS DO FÓRUM JUIZ DEMÓSTENES BATISTA VERAS E FÓRUM JOÃO ELÍSIO FLORÊNCIO (CÂMARA REGIONAL) CARUARU -PE."]
["TRIBUNAL DE JUSTIÇA DE PERNAMBUCO",null,null,null,"Local:","Av. José Florêncio Filho, s/nº - Bairro Mauricio de Nassau - Cep: 55.014-837 - Caruaru/PE. E Av. Portugal, 1234, Bairro Universitário - Cep: 55016-400"]
[null,null,null,null,"Contrato:","085/2023 -TJPE"]
["DIRETORIA DE ENGENHARIA E ARQUITETURA",null,null,null,"Situação:","Encerrada"]
[null,null,null,null,"Contratada:","CBL EMPREENDIMENTOS LTDA - EPP"]
["QUANTITATIVOS E PREÇOS CONTRATADOS",null,null,null,"Valor Total:",{"$f":"G293","v":1035752.6700000003}]
[null,null,null,null,"DATA:","2023-09-12"]
["ITEM","Cód. Efisco","DESCRIÇÃO","UN","QUANT. TOTAL","TOTAL"]
[null,null,null,null,null,"P. UNIT","P. TOTAL"]
["1.0",null,"ART, ADMINISTRAÇÃO E MOBILIZAÇÃO DA OBRA",null,null,0]
["1.1","439519-0","ART Execução de Obra","un",2,313.83,627.66]
["1.2","401010-8","Administração local pelo período da Obra.","un/mês",4,16489.829999999998,65959.320000000007]
["1.3","314578-6","Mobilização da obra (pessoal, máquinas e equipamentos).","un",1,1633.42,1633.42]
[null,null,"FÓRUM JUIZ DEMÓSTENES BATISTA VERAS",null,null,0,0]
["2.0",null,"CANTEIRO DE OBRAS",null,null,0,0]
["2.1","501875-7","Placa de obra em lona plástica  impressão digital alta resolução com acabamento em ilhós, fixação em abraçadeiras de nylon, estrutura em ferro galvanizado. (01 Placa 2,00m x 2,00m)","m²",4,478.71999999999997,1914.88]
["2.2","478789-7","Locação de container para uso de escritório medindo 2,3 x6,0m, alt=2,5m, com 1 sanitário, sem divisórias internas e sem mobiliário","un/mês",4,932.73,3730.92]
["2.3",null,"Locação de container 2,30 x 6,00 m, alt. 2,50 m,  para sanitário,  com 4 bacias, 8 chuveiros,1 lavatório e 1 mictório","un/mês",4,1165.92,4663.68]
["2.4","413462-1","Frete para entrega ou retirada de container para obra em Caruaru em Guindauto Munck, modelo Argos 20.5 com capacidade para 6,0 ton a 4,0 m de raio.","un",2,3451.56,6903.12]
["2.5","439634-0","Ligação provisória de energia. (Container)","un",1,1391.99,1391.99]
["2.6","401750-1","Ligações provisórias de água e sanitário. (Container)","un",1,865.8,865.8]
["3.0",null,"SERVIÇOS PRELIMINARES",null,null,0,0]
["3.1","368274-9","Tapume com compensado de madeira. ","m²",43.560000000000009,184.08,8018.52]
["3.2","515086-8","Sinalização com fita fixada em cone plástico, incluindo cone.","m",28,34.75,973]
["3.3","496280-0","Colocação de tela em andaime fachadeiro.","m²",441.42250000000001,8.6999999999999993,3840.37]
["4.0",null,"LOCAÇÃO DE MÁQUINAS E EQUIPAMENTOS",null,null,0,0]
["4.1","411686-0","Locação de  andaime metálico tubular tipo torre incluindo plataforma metálica, guarda corpo metálico, escada, inclusive montagem e desmontagem.","mxmês",8,43.650000000000006,349.2]
["4.2","424313-7","Locação de andaime do tipo fachadeiro compostos de quadros verticais com, plataformas contraventamento diagonais, barra de ligação, escadas de acesso, piso metálico, base ajustável e travamento em tubo e demais acessórios necessários, inclusive carregamento, descarregamento.","m²xmês",806.76499999999999,20.45,16498.34]
["5.0",null,"TRANSPORTE E REMOÇÃO",null,null,0,0]
["5.1","528880-0","Transporte horizontal  com jerica de 60l, de massa/ granel.","m³xKm",0.16,1696.6399999999999,271.45999999999998]
["5.2","553633-2","Aluguel de Caçamba estacionária com até 6m³ com destinação final de resíduos sólidos.","un",2,554.71,1109.42]
["5.3","465159-6","Taxa de descarte de resíduos da construção civil.","t",11.718819060000001,36.42,426.79]
["6.0",null,"FACHADAS OESTE/SUL e GUARITA",null,null,0,0]
["6.1","435112-6","Demolição de revestimento com azulejos ou cerâmicas.","m²",405.82150000000001,27.909999999999997,11326.47]
["6.2","546980-5","Reboco especial de parede 2cm com argamassa traço t1 - 1:3 (cimento / areia) - (regularização para assentamento da cerâmica)","m²",404.22149999999999,36.17,14620.69]
["6.3","428762-2","Cerâmica 10x10cm Elizabeth ou equivalente, linha Lux, tipo A, na cor CREME (paredes externas) assentadas com argamassa colante AC III Quartzolit ou equivalente e rejuntadas com argamassa de rejuntamento flexível Quartzolit  ou equivalente. (cor do rejunte a definir)","m²",404.22149999999999,115.57000000000001,46715.87]
["6.4",null,"Retirada de junta de dilatação da fachada.","m",27.764000000000003,10.82,300.39999999999998]
["6.5","402066-9","Fornecimento e aplicação de junta de mastique, inclusive preenchimento da junta com tarucel 20mm.","m",181.489,88.13,15994.62]
["6.6",null,"Assentamento de porcelanato 40 x 40cm (reaproveitado), aplicado com argamassa industrializada ACIII, incluindo rejunte flexível (na mesma cor da existente no local).","m²",1.6,44.41,71.05]
["6.7",null,"Lavagem de paredes com escovação manual.","m²",50.58,8.65,437.51]
["7.0",null,"READEQUAÇÃO DAS PORTAS CORTA FOGO",null,null,0,0]
["7.1","552266-8","Demolição de alvenaria de bloco de concreto de vedação - com revestimento.","m³",1.1310000000000002,74.5,84.25]
["7.2","536089-7","Alvenaria de vedação de blocos cerâmicos furados na horizontal de 9x19x19 cm (espessura 9 cm) e argamassa de assentamento com preparo em betoneira. ","m²",3.7800000000000002,95.18,359.78]
["7.3","454993-7","Verga pré-moldada para portas com até 1,5 m de vão.","m",4,47.430000000000007,189.72]
["7.4","432304-1 ","Chapisco aplicado em alvenarias e estruturas de concreto internas, com colher de pedreiro.  argamassa traço 1:3 com preparo em betoneira 400l. ","m²",7.9380000000000006,5.12,40.64]
["7.5","517391-4","(composição representativa) do serviço de emboço/massa única, aplicado manualmente, traço 1:2:8, em betoneira de 400l, paredes internas, com execução de taliscas, edificação habitacional unifamiliar (casas) e edificação pública padrão. af_12/2014","m²",7.9380000000000006,48.44,384.51]
["7.6","432003-4","Aplicação de fundo selador acrílico em paredes, uma demão. ","m²",7.94,3.33,26.44]
["7.7","456482-0","Aplicação e lixamento de massa látex em paredes, duas demãos.","m²",7.94,12.61,100.12]
["7.8","432006-9","Aplicação manual de pintura com tinta látex acrílica em paredes, duas demãos.","m²",7.94,18.07,143.47]
["7.9","527844-9","Demolição de revestimento cerâmico, de forma manual, sem reaproveitamento.","m²",0.27,25.71,6.94]
["7.10","456068-0","Fornecimento e instalação de SOLEIRAS em granito cinza ocre com largura de 15cm.","m",5,95.23,476.15]
["7.11","581053-1","Retirada de porta corta fogo de 0,90 x 2,10m com aproveitamento.","un",4,22.33,89.32]
["8.0",null,"INSTALAÇÕES DE PROTEÇÃO E COMBATE A INCÊNDIO",null,null,0,0]
["8.1",null,"DETECÇÃO E ALARME (EQUIPAMENTOS, INFRAESTRUTURA E CABOS)",null,null,0,0]
["8.1.1","513922-8","Fornecimento de detector de fumaça endereçável com base, fab. Apollo ou equivalente.        ","und",129,279.18,36014.22]
["8.1.2","585739-2","Retirada de detector de fumaça/térmico endereçável com base.","und",116,28.060000000000002,3254.96]
["8.1.3","514534-1","Fornecimento de detector térmico endereçável com base, fab. Apollo ou equivalente","und",10,279.18,2791.8]
["8.1.4","584344-8","Eletroduto em ferro galvanizado pesado sem costura 3/4\"","m",1176,46.78,55013.279999999999]
["8.1.5","584345-6","Retirada de eletroduto em ferro galvanizado pesado sem costura 3/4\"","m",950,13.89,13195.5]
["8.1.6","203475-1","Fornecimento e instalação de acionador Manual Endereçavel - Modelo AME-2 da Verin ou similar, tipo \"Aperte aqui\"","und",11,253.88,2792.68]
["8.1.7","587481-5","Retirada de acionador manual endereçável, fab. Apollo ou equivalente            ","und",11,16.11,177.21]
["8.1.8","443468-4","Fornecimento de indicador visual sonoro, fab. Apollo ou equivalente.","und",11,243.73,2681.03]
["8.1.9","585741-4","Retirada de indicador visual sonoro.","und",11,38.93,428.23]
["8.1.10","464778-5","Fornecimento e instalação de cabo para sinal e detecção de incêndio  em par trançado, inclusive dreno shieldado, acabamento em PVC Prysmian, Lipperfil ou equivalente, CTR FLEX BL FT COBRE 2x1,5mm², 500V preto NBR 7289.","m",1274,16.04,20434.96]
["8.1.11",null,"Central de alarme endereçável de incendio com sistema p/ até 250 dispositivos, marcal Verin ou similar, Modelo VRE-250 c/ bateria de 12V e 7Amperes - Fornecimento e instalação.","und",1,6792.11,6792.11]
["8.1.12",null,"Válvula medidora de fluxo em aço galvanizado, tipo palheta 3\" (chave de fluxo) - Fornecimento e instalação.","und",7,1901.0800000000002,13307.56]
["8.2",null,"HIDRANTE (TUBULAÇÃO, CONEXÕES E ACESSÓRIOS)",null,null,0,0]
["8.2.1","550490-2","Registro globo angular 45º para hidrante, d=2 1/2\", incluso tampão com corrente. (hidrante de recalque)","und",2,470.52000000000004,941.04]
["8.2.2","430046-7","Pintura esmalte brilhante (2 demãos) sobre superfície metálica, inclusive proteção com zarcão (1 demão).","m²",31.68,78.52,2487.5100000000002]
["8.2.3","477275-0","Tubo aço inox 1/2\" - Fornecimento e instalação.","m",9,33.67,303.02999999999997]
["8.2.4","550835-5","Tubo aço galvanizado c/costura 1/2\" (15mm), p/condução fluidos, classe leve, e=2,25mm, 1,12kg/m, NBR-5580","m",3,35.01,105.03]
["8.2.5","550840-1","Tubo aço galvanizado c/costura 6\" (150mm), p/condução fluidos, classe média, e=4,85mm, 19,20kg/m, DIN-2440/NBR-55800.","m",2,364.28999999999996,728.58]
["8.2.6","490547-4","Válvula de esfera bruta, bronze, roscável, 1/2\" - Fornecimento e instalação. af_08/2021.","und",6,64.91,389.46]
["8.2.7","547357-8","Manômetro 0 a 10 Kgf/cm2, d=100mm, conexão 1/2\" BSP - Fornecimento e instalação.","und",1,323.51,323.51]
["8.2.8","547323-3","Fornecimento e instalação de pressostato 0 a 10kgf/cm².","und",3,249.5,748.5]
["8.2.9","442688-6","Fornecimento e instalação de registro gaveta 6\" com flange haste ascendente.","und",1,5735.3,5735.3]
["8.2.10","502546-0","Fornecimento e instalação de válvula de retenção horizontal ou vertical 6\".","und",2,6271.53,12543.06]
["8.2.11","502546-0","Fornecimento e instalação de válvula de alívio 2\".","und",2,1450.89,2901.78]
["8.2.12","549090-1","Fornecimento e instalação de quadro de comando para 03 bombas de incêndio, sendo 02 bombas de 20CV/380V mais 01 bomba jockey 2CV/380V.","und",1,11045.94,11045.94]
["8.2.13","454087-5","Fornecimento e instalação de conjunto moto-bomba Schneider modelo BPI-22 R, potência 20cv, trifásica 220/380V, recalque d=2 1/2\", ou equivalente.","und",2,15795.92,31591.84]
["8.2.14","549048-0","Fornecimento e instalação de bomba para incêndio jockey 2cv","und",1,1974.17,1974.17]
["8.3","602043-7","SPRINKLER (TUBULAÇÃO, CONEXÕES E ACESSÓRIOS)",null,null,0,0]
["8.3.1","501954-0","Sprinkler tipo pendente, 68 °c, união por rosca dn 15 (1/2\") - fornecimento e instalação. af_10/2020","und",30,37.340000000000003,1120.2]
["8.3.2","602043-7","Sprinkler tipo pendente, 68 °c, união por rosca dn 15 (1/2\") - apenas fornecimento","und",6,28.81,172.86]
["8.3.3","570021-3","Tubo de aço galvanizado com costura, classe média, conexão rosqueada, dn 25 (1\"), instalado em rede de alimentação para sprinkler - fornecimento e instalação. af_10/2020","m",45,56.07,2523.15]
["8.3.4","570024-8","Tubo de aço galvanizado com costura, classe média, conexão rosqueada, dn 32 (1 1/4\"), instalado em rede de alimentação para sprinkler - fornecimento e instalação. af_10/2020","m",23,67.84,1560.32]
["8.3.5","599460-8","Tubo de aço galvanizado com costura, classe média, conexão rosqueada, dn 40 (1 1/2\"), instalado em rede de alimentação para sprinkler - fornecimento e instalação. af_10/2020","m",30,77.320000000000007,2319.6]
["8.3.6","570024-8","Tubo de aço galvanizado com costura, classe média, conexão rosqueada, dn 50 (2\"), instalado em rede de alimentação para sprinkler - fornecimento e instalação. af_10/2020","m",3,105.66,316.98]
["8.3.7","570498-7","Tubo de aço galvanizado com costura, classe média, conexão rosqueada, dn 65 (2 1/2\"), instalado em rede de alimentação para sprinkler - fornecimento e instalação. af_10/2020","m",38,128.79,4894.0200000000004]
["8.3.8","463088-2","Retirada do forro existente em isopor ou lã de vidro ou fibra mineral com aproveitamento.","m²",4600,14.200000000000001,65320]
["8.3.9","488098-6","Recolocação de forro em isopor ou lã de vidro ou fibra mineral com reaproveitamento.","m²",4600,17.05,78430]
["8.4",null,"ILUMINAÇÃO E SINALIZAÇÃO DE EMERGÊNCIA",null,null,0,0]
["8.4.1",null,"Fornecimento e instalação de Luminária autônoma indicador de seta de emergência de sobrepor p/aclaramento ou balizamento mod.LAU 2x11 c/2 lâmpadas 11w e bateria selada","und",52,646.88,33637.760000000002]
["8.4.2",null,"Retirada de Luminária autônoma indicador de seta de emergência de sobrepor p/aclaramento ou balizamento mod.LAU 2x11 c/2 lâmpadas 11w e bateria selada","und",2,28.060000000000002,56.12]
["8.4.3","509178-0","Fornecimento e instalação de placa de sinalização de segurança contra incêndio, fotoluminescente, retangular, *13 x 26* cm, em PVC *2* mm anti-chamas (símbolos, cores e pictogramas conforme NBR 13434).","und",34,50.52,1717.68]
["8.5",null,"EXTINTORES",null,null,0,0]
["8.5.1","84701-1","Extintor de incêndio portátil com carga de PQS de 4 KG, classe BC - fornecimento e instalação. Af_10/2020_P.","und",2,275.52,551.04]
["8.5.2","88023-0","Extintor de incêndio portátil com carga de PQS de 6 KG, classe BC - fornecimento e instalação. Af_10/2020_P.","und",6,320.76,1924.56]
["8.5.3",null,"Retirada de extintor de incêndio portátil.","und",4,24.75,99]
["8.5.4",null,"Reinstalação de extintor de incêndio portátil.","und",2,26.71,53.42]
["8.6",null,"MARCAÇÃO NO PISO PARA HIDRANTE E EXTINTORES",null,null,0,0]
["8.6.1","565470-0","Pintura de piso com tinta acrílica, aplicação manual, 2 demãos, incluso fundo preparador. Af_05/2021.","und",59,22.67,1337.53]
["8.7",null,"SAÍDA DE EMERGÊNCIA",null,null,0,0]
["8.7.1",null,"Barra antipânico dupla, instalada em porta de vidro com duas folhas. 2 x 1,15m - fornecimento e instalação.","und",1,1868.8400000000001,1868.84]
["8.7.2","584316-2","Porta corta fogo, de abrir, 02 folhas, largura total 1,20m em chapa de aço galvanizado nº24, batente em chapa nº18, mínimo classe 60, isolante em manta cerâmica incombustível e=5cm, dobradiças tipo helicoidal em aço 1010/1020, e fechadura reversível sem chave - fornecimento e instalação.","m²",10.08,781.58999999999992,7878.42]
["9.0",null,"SPDA",null,null,0,0]
["9.1",null,"CONDUTOS",null,null,0,0]
["9.1.1",null,"Eletroduto de PVC rígido rosqueável de 1\", com luva de rosca interna e acessórios instalado em parede/piso -  Fornecimento e instalação, inclusive escavação e reaterro.","m",3,89.66,268.98]
["9.1.2","203490-5","Eletroduto de PVC rígido rosqueável de 3/4\", com luva de rosca interna e acessórios instalado em laje -  Fornecimento e instalação.","m",311.43,19.440000000000001,6054.19]
["9.2",null,"CONDUTORES",null,null,0,0]
["9.2.1","579274-4","Cabo de cobre nu, têmpera meio-duro, encordoamento classe 2, seção nominal de 16,0mm². Fornecimento e instalação.","m",311.43,25.330000000000002,7888.52]
["9.2.2","508397-4","Cordoalha em cabo de cobre nu, têmpera meio-duro, encordoamento classe 2, seção nominal de 35,0mm², não enterrada, fixada com presilha de latão para cabo de 35mm², inclusive parafuso em aço inox fenda DN 4,2x32mm, bucha nylon DN 6mm e vedação dos furos com selante poliuretano, marca de ref. Termotécnica ou equivalente. Fornecimento e instalação.","m",529.66999999999996,84.009999999999991,44497.57]
["9.2.3",null,"Cordoalha em cabo de cobre nu, têmpera meio-duro, encordoamento classe 2, seção nominal de 50,0mm², não enterrada, fixada com presilha de latão para cabo de 50mm², inclusive parafuso em aço inox fenda DN 4,2x32mm, bucha nylon DN 6mm e vedação dos furos com selante poliuretano, marca de ref. Termotécnica ou equivalente. Fornecimento e instalação.","m",6,108.25,649.5]
["9.2.4",null,"Cabo de cobre nu, têmpera meio-duro, encordoamento classe 2, seção nominal de 50,0mm², assentado em valas com profundidade de 0,60m, inclusive escavação e reaterro. Fornecimento e instalação.","m",141.37,140.02000000000001,19794.62]
["9.3",null,"QUADROS/PROTEÇÃO",null,null,0,0]
["9.3.1",null,"Caixa de equalização de potenciais para uso interno e externo com 9 (nove) terminais para aterramento (BEP), em polipropileno, ref. TEL-901, marca de referência Termotécnica ou equivalente. Fornecimento e instalação..","und",1,664.52,664.52]
["9.4",null,"CAPTAÇÃO E ATERRAMENTO",null,null,0,0]
["9.4.1",null,"Caixa subterrânea com paredes em alvenaria, laje de tampa e fundo de brita, revestida internamente com argamassa de cimento e areia 1:4, dimensões internas (0,30x0,30)m, com profundidade de 0,50m.","und",4,108.4,433.6]
["9.4.2",null,"Haste de aterramento (tipo copperweld) de  5/8\" x 3,0 m - Fornecimento e instalação.","und",4,120.47,481.88]
["9.4.3",null,"Solda exotérmica para cabo50mm²-haste -  Fornecimento e instalação.","und",4,50.85,203.4]
["9.4.4",null,"Caixa de Inspeção Suspensa em Polipropileno, com tampa, anti-UV e anti-chama -TEL 541, Termotécnica ou equivalente - Fornecimento e instalação.","und",4,100.7,402.8]
["9.4.5",null,"Conector de medição em latão com 4 parafusos para cabos de 35 a 70 mm2, ref. TEL-560, Termotécnica ou equivalente - Fornecimento e instalação.","und",4,50.03,200.12]
["9.4.6","506672-7","Terminal a compressão em cobre estanhado  para cabo de 16mm², 1 furo, inclusive parafuso sextavado em aço inox 1/4\"x1.1/4\", arruelas lisas e porca sextavada de 1/4\" - Fornecimento e instalação       ","cj",4,9.370000000000001,37.479999999999997]
["9.4.7",null,"Terminal a compressão em cobre estanhado  para cabo de 50mm², 1 furo, inclusive parafuso sextavado em aço inox 1/4\"x1.1/4\", arruelas lisas e porca sextavada de 1/4\" - Fornecimento e instalação       ","cj",12,14.48,173.76]
["9.4.8",null,"Equipotencialização tubulação de incêndio com  fita perfurada e terminal a compressão em cobre estanhado  para cabo de 16mm² -  Fornecimento e instalação","cj",0.6,79.77,47.86]
["9.4.9","475509-0","Conector parafuso fendido split-bolt para cabo de 35mm² -  Fornecimento e instalação.","und",56,18.86,1056.1600000000001]
["9.4.10",null,"Grampo tipo X TEL 853 -  Fornecimento e instalação.","und",6,47.85,287.10000000000002]
[null,null,"FÓRUM JOÃO ELÍSIO FLORÊNCIO (CÂMARA REGIONAL)",null,null,0,0]
["10.0",null,"CANTEIRO DE OBRAS",null,null,0,0]
["10.1","501875-7","Placa de obra em lona plástica  impressão digital alta resolução com acabamento em ilhós, fixação em abraçadeiras de nylon, estrutura em ferro galvanizado. (01 Placa 2,00m x 2,00m)","m²",4,478.71999999999997,1914.88]
["10.2","478789-7","Locação de container para uso de escritório medindo 2,3 x6,0m, alt=2,5m, com 1 sanitário, sem divisórias internas e sem mobiliário","un/mês",4,932.73,3730.92]
["10.3",null,"Locação de container 2,30 x 6,00 m, alt. 2,50 m,  para sanitário,  com 4 bacias, 8 chuveiros,1 lavatório e 1 mictório","un/mês",4,1165.92,4663.68]
["10.4","349916-2","Frete para entrega ou retirada de container para obra em Caruaru em Guindauto Munck, modelo Argos 20.5 com capacidade para 6,0 ton a 4,0 m de raio.","un",2,3451.56,6903.12]
["10.5","439634-0","Ligação provisória de energia. (Container)","un",1,1391.99,1391.99]
["10.6","401750-1","Ligações provisórias de água e sanitário. (Container)","un",1,865.8,865.8]
["11.0",null,"SERVIÇOS PRELIMINARES",null,null,0,0]
["11.1","502157-0","Sinalização com fita fixada em cone plástico, incluindo cone.","m",20,34.75,695]
["12.0",null,"LOCAÇÃO DE MÁQUINAS E EQUIPAMENTOS",null,null,0,0]
["12.1","411686-0","Locação de  andaime metálico tubular tipo torre incluindo plataforma metálica, guarda corpo metálico, escada, inclusive montagem e desmontagem.","mxmês",8,43.650000000000006,349.2]
["12.2","424313-7","Locação de andaime do tipo fachadeiro compostos de quadros verticais com, plataformas contraventamento diagonais, barra de ligação, escadas de acesso, piso metálico, base ajustável e travamento em tubo e demais acessórios necessários, inclusive carregamento, descarregamento.","m²xmês",528,20.45,10797.6]
["12.3","479243-2  ","Locação mensal de cimbramento/ escoramento metálico, para ponte ou viaduto, edificação civil e industrial, inclusas montagem e desmontagem.","m³",9.06,86.289999999999992,781.78]
["13.0",null,"TRANSPORTE E REMOÇÃO",null,null,0,0]
["13.1","528880-0","Transporte horizontal  com jerica de 60l, de massa/ granel.","m³xKm",0.33159943595999991,1696.6399999999999,562.6]
["13.2","553633-2","Aluguel de Caçamba estacionária com até 6m³ com destinação final de resíduos sólidos.","un",3,554.71,1664.13]
["13.3","465159-6","Taxa de descarte de resíduos da construção civil.","t",24.869957696999993,35.29,877.66]
["14.0",null,"CASTELO D'ÁGUA ",null,null,0,0]
["14.1","435112-6","Demolição de revestimento com azulejos ou cerâmicas.","m²",59.411204999999988,27.909999999999997,1658.16]
["14.2","484230-8","Demolição de lajes, de forma mecanizada com martelete, sem reaproveitamento.","m³",8.384999999999998,166.4,1395.26]
["14.3"," 455027-7 ","Montagem e desmontagem de fôrma de laje maciça, pé-direito simples, em chapa de madeira compensada resinada e cimbramento de madeira, 2 utilizações. ","m²",90.57,53.660000000000004,4859.9799999999996]
["14.4","535068-9","Armação utilizando aço CA-60 de 5,0 mm - montagem.","kg",20,19.830000000000002,396.6]
["14.5","497471-9","Armação utilizando aço CA-50 de 6,3 mm - montagem.","kg",19,20.43,388.17]
["14.6","497472-7","Armação utilizando aço CA-50 de 8,0 mm - montagem. ","kg",627,19.700000000000003,12351.9]
["14.7","535073-5","Armação utilizando aço CA-50, diâmetro de 12,5 mm - montagem. ","kg",29,15.190000000000001,440.51]
["14.8","474659-7","Armação utilizando aço CA-50, diâmetro de 20,0 mm - montagem. ","kg",119,16.66,1982.54]
["14.9","463344-0","Concretagem de edificações (paredes e lajes) feitas com sistema de formas manuseáveis, com concreto usinado bombeável FCK 30Mpa - Lançamento, adensamento e acabamento.","m³",7.31,705.93,5160.34]
["14.10",null,"Fornecimento e instalação de tampa em concreto armado 80x80x5cm para reservatório.","un",2,168.03,336.06]
["14.11","411552-0","Controle Tecnológico do Concreto com ensaio de compressão de corpos de prova cilíndricos (NBR 5739)/2007, com transporte para o laboratório realizado pelo cliente.","un",9,23.66,212.94]
["15.0",null,"RECUPERAÇÃO ESTRUTURAL",null,null,0,0]
["15.1","445368-9","Recuperação de pilares, lajes e vigas incluindo preparação do substrato para reparo em estrutura de concreto armado com Grout Tix, considerando a escarificação do concreto, escovamento do ferro e limpeza da superfície.","m²",27.9816,142.4,3984.57]
["15.2","587004-6","Recuperação de armadura de aço - barra até 1/2\" com tinta de alto teor de zinco - Nitoprimer Zn ou equivalente.","m",42.72,57.68,2464.08]
["16.0",null,"REVESTIMENTO DE PAREDES",null,null,0,0]
["16.1","432302-5","Chapisco aplicado em alvenaria (sem presença de vãos) e estruturas de concreto de fachada, com colher de pedreiro.  Argamassa traço 1:3 com preparo em betoneira 400l. ","m²",88.241599999999991,7.85,692.69]
["16.2","432314-9","Emboço ou massa única em argamassa traço 1:2:8, preparo mecânico com betoneira 400 l, aplicada manualmente em panos cegos de fachada (sem presença de vãos), espessura de 25 mm. ","m²",88.241599999999991,49.82,4396.1899999999996]
["16.3","428762-2","Cerâmica 10x10cm Elizabeth ou equivalente, linha Lux, tipo A, na cor CREME (paredes externas) assentadas com argamassa colante AC III Quartzolit ou equivalente e rejuntadas com argamassa de rejuntamento flexível Quartzolit  ou equivalente. (cor do rejunte a definir)","m²",132.99741000000003,115.57000000000001,15370.51]
["17.0",null,"IMPERMEABILIZAÇÃO",null,null,0,0]
["17.1","506464-3","Limpeza de reservatório","m³",60.304000000000002,14.7,886.46]
["17.2","460739-2","Impermeabilização de superfície com impermeabilizante semi-flexível, 3 demãos, reforçado com véu de poliéster (mav).","m²",133.85400000000001,53.29,7133.07]
["18.0",null,"PINTURA",null,null,0,0]
["18.1","526500-2","Pintura com tinta alquídica de acabamento (esmalte sintético acetinado) aplicada a rolo ou pincel sobre superfícies metálicas (exceto perfil) executado em obra (02 demãos). (Grades de Ferro)","m²",24.478959999999997,56.34,1379.14]
["18.2",null,"Pintura de acabamento com lixamento e aplicação de 02 demãos de esmalte sintético sobre madeira (portas)","m²",7.738500000000001,28.009999999999998,216.75]
["18.3","432003-4","Aplicação de fundo selador acrílico em paredes, uma demão. ","m²",101.19351,3.33,336.97]
["18.4","456482-0","Aplicação e lixamento de massa látex em paredes, uma demão.","m²",41.34,12.61,521.29]
["18.5","432006-9","Aplicação manual de pintura com tinta látex acrílica em paredes, duas demãos. ","m²",101.19351,18.07,1828.56]
["18.6","457784-1","Aplicação de fundo selador acrílico em teto, uma demão. ","m²",12.41,3.84,47.65]
["18.7","441103-0","Aplicação e lixamento de massa látex em teto, uma demão. ","m²",9.31,23.810000000000002,221.67]
["18.8","441883-2","Aplicação manual de pintura com tinta látex acrílica em teto, duas demãos. ","m²",12.41,20.399999999999999,253.16]
["19.0",null,"ESCADA DE MARINHEIRO E GUARDA-CORPO",null,null,0,0]
["19.1","469099-0","Fornecimento e instalação de escada de marinheiro em ferro chato c/ guarda corpo de proteção (conforme projeto).","m",11.38,1148.1500000000001,13065.94]
["19.2","428857-2","Confecção e montagem de guarda-corpo metálico , tubos com seção de 42,2x3,6mm, placa de base do guarda-corpo com seção de 100x100x5mm,  todos os perfis em aço do tipo ASTM A36 com solda em eletrodo E70xx, pintura com uma demão de primer com espessura de 120 micras e 02 demãos de cores diferentes de esmalte sintético com espessura de 120 micras cada demão (conforme projeto).","kg",318.89999999999998,66.98,21359.919999999998]
["20.0",null,"BANHEIROS",null,null,0,0]
["20.1",null,"DEMOLIÇÕES",null,null,0,0]
["20.1.1","552266-8","Demolição de alvenaria de bloco de concreto de vedação - com revestimento.","m³",2.8825500000000002,74.5,214.74]
["20.1.2","527844-9","Demolição de revestimento cerâmico, de forma manual, sem reaproveitamento.","m²",64.45,25.71,1657]
["20.2",null,"ALVENARIA DE VEDAÇÃO",null,null,0,0]
["20.2.1","536089-7","Alvenaria de vedação de blocos cerâmicos furados na horizontal de 9x19x19 cm (espessura 9 cm) e argamassa de assentamento com preparo em betoneira. ","m²",28.95,95.18,2755.46]
["20.2.2","499185-0","Fixação (encunhamento) de alvenaria de vedação com argamassa aplicada com colher. ","m",11.629999999999999,7.9399999999999995,92.34]
["20.2.3","430079-3 ","Fornecimento e assentamento de telas soldadas produzidas com fio de 1,65 mm de diâmetro e malha de 15 x 15 mm, galvanizadas, com largura x comprimento de 7,5x50cm, Belgofix ou equivalente. ","un",88,10.57,930.16]
["20.3",null,"VERGA-CONTRAVERGA EM CONCRETO",null,null,0,0]
["20.3.1","454993-7","Verga pré-moldada para portas com até 1,5 m de vão.","m",6.4,47.430000000000007,303.55]
["20.3.2","438993-0","Contraverga pré-moldada para vãos de até 1,5 m de comprimento.","m",15.500000000000002,62.97,976.03]
["20.3.3","454988-0","Verga pré-moldada para janelas com até 1,5 m de vão.","m",15.500000000000002,64.34,997.27]
["20.4",null,"REVESTIMENTO DE PAREDE",null,null,0,0]
["20.4.1","432304-1 ","Chapisco aplicado em alvenarias e estruturas de concreto internas, com colher de pedreiro.  argamassa traço 1:3 com preparo em betoneira 400l. ","m²",64.272599999999997,5.12,329.07]
["20.4.2","517391-4","(composição representativa) do serviço de emboço/massa única, aplicado manualmente, traço 1:2:8, em betoneira de 400l, paredes internas, com execução de taliscas, edificação habitacional unifamiliar (casas) e edificação pública padrão. af_12/2014","m²",64.272599999999997,48.44,3113.36]
["20.4.3","546307-6","Fornecimento de cerâmica cor CRISTAL BRANCO, Linha Lux da Elizabeth ou equivalente, dimensões aproximadas 5x10cm, assentada em paredes internas, com argamassa colante industrializada AC II e rejuntada com argamassa de rejuntamento flexível impermeável.","m²",90.03,110.83,9978.02]
["20.4.4","432003-4","Aplicação de fundo selador acrílico em paredes, uma demão. ","m²",33.412050000000008,3.33,111.26]
["20.4.5","441101-3","Aplicação e lixamento de massa látex em paredes, duas demãos.","m²",33.412050000000008,17.29,577.69000000000005]
["20.4.6","432006-9","Aplicação manual de pintura com tinta látex acrílica em paredes, duas demãos.","m²",33.409999999999997,18.07,603.71]
["20.5",null,"REVESTIMENTO  DE PISO E RODAPÉ",null,null,0,0]
["20.5.1","428759-2","Fornecimento e assentamento de Porcelanato Smoke Natural E5, Tipo A, 74,0x74,0cm, Elizabeth ou equivalente,  assentado em PISO OU PAREDE com argamassa industrializada AC-III, com espaçamento de 2mm  e rejuntado com argamassa de rejuntamento flexível e impermeável, na cor cinza platino.","m²",23.869999999999997,113.84,2717.36]
["20.5.2","552081-9","Fornecimento e assentamento de Porcelanato Tavola Decor Mix Natural, Tipo A, 58,5x58,5 cm, Portinari ou equivalente,  assentado em PISO OU PAREDE com argamassa industrializada AC-III, com espaçamento de 2mm  e rejuntado com argamassa de rejuntamento flexível e impermeável Quartzobras, na cor marrom mondrian.","m²",13.82,289.25,3997.43]
["20.6",null,"GRANITOS",null,null,0,0]
["20.6.1","456068-0","Fornecimento e instalação de SOLEIRAS em granito polido Verde Ubatuba com largura de 15cm.","m",5.7,92.710000000000008,528.44000000000005]
["20.6.2","584317-0","Fornecimento e assentamento de balcão em granito polido Verde Ubatuba, espessura 2cm, medindo (1,40x0,35)m, com abertura para 01 cuba de semi encaixe, com testeira e respaldo em acabamento reto, incluindo mão francesa para apoio, conforme detalhe (WC GABINETE 1)","un",1,999.81999999999994,999.82]
["20.6.3","584318-9","Fornecimento e assentamento de balcão em granito polido Verde Ubatuba, espessura 2cm, medindo (1,00x0,35)m, com abertura para 01 cuba de semi encaixe, com testeira e respaldo em acabamento reto, incluindo mão francesa para apoio, conforme detalhe (WC GABINETE 2)","un",1,816.37,816.37]
["20.6.4","584319-7","Fornecimento e assentamento de balcão em granito polido Verde Ubatuba, espessura 2cm, medindo (1,85x0,35)m, com abertura para 01 cuba de semi encaixe, com testeira e respaldo em acabamento reto, incluindo mão francesa para apoio, conforme detalhe (WC GABINETE 3)","un",1,1209.22,1209.22]
["20.6.5","584320-0","Fornecimento e assentamento de balcão em granito polido Verde Ubatuba, espessura 2cm, em \"L\" com as medidas (0,80x0,35)m e (0,65x0,2)m, com abertura para 01 cuba de semi encaixe, com testeira e respaldo em acabamento reto, incluindo mão francesa para apoio, conforme detalhe (WC GABINETE 4)","un",1,956.78,956.78]
["20.6.6","584321-9","Fornecimento e assentamento de balcão em granito polido Verde Ubatuba, espessura 2cm, medindo (1,68x0,35)m, com abertura para 01 cuba de semi encaixe, com testeira e respaldo em acabamento reto, incluindo mão francesa para apoio, conforme detalhe (WC GABINETE 5)","un",1,957.29,957.29]
["20.6.7","584322-7","Fornecimento e assentamento de balcão em granito polido Verde Ubatuba, espessura 2cm, medindo (0,80x0,35)m, com abertura para 01 cuba de semi encaixe, com testeira e respaldo em acabamento reto, incluindo mão francesa para apoio, conforme detalhe (WC GABINETE 6)","un",1,751.1,751.1]
["20.6.8","584323-5","Fornecimento e assentamento de divibox em granito bipolido verde Ubatuba, com 5,0 cm de altura e 2,0 cm de espessura, engastado no piso, acabamento reto.","m",1.2999999999999998,85.02,110.52]
["20.6.9","584324-3","Fornecimento e assentamento de divisória em granito verde Ubatuba, polido dos dois lados, acabamento boleado, e= 2cm, assentado com argamassa traço 1:4, arremate em cimento branco, exclusive ferragens","m²",6.06,707.59,4287.99]
["20.6.10","584325-1","Fornecimento e assentamento de prateleira em granito verde Ubatuba, esp=2cm.","m²",0.32899999999999996,569.36,187.31]
["20.7",null,"FORRO DE GESSO",null,null,0,0]
["20.7.1","474409-8","Forro em drywall, para ambientes comerciais, inclusive estrutura de fixação. ","m²",23.869999999999997,84.92,2027.04]
["20.7.2","501942-7","Acabamentos para forro (moldura em drywall, com largura de 15 cm).","m",49.2,41.74,2053.6]
["20.8",null,"ESQUADRIAS DE MADEIRA E METÁLICA",null,null,0,0]
["20.8.1","530987-5","Retirada de porta de madeira, inclusive  dobradiças, batente, alizar e acessórios para reaproveitamento.","un",1,156.41,156.41]
["20.8.2",null,"Instalação de porta de madeira com aproveitamento do material","un",1,211.75,211.75]
["20.8.3","513730-6","Kit de porta-pronta de madeira em acabamento melamínico branco, folha leve ou média, 80x210cm, exclusive fechadura, fixação com preenchimento parcial de espuma expansiva - fornecimento e instalação. ","un",4,708.08,2832.32]
["20.8.4","432319-0","Fechadura de embutir para portas internas, completa, acabamento padrão médio, com execução de furo - fornecimento e instalação.","un",4,190.78,763.12]
["20.8.5","587071-2","Fornecimento e assentamento de janela maximar, em alumínio anodizado na cor preta, vidro laminado jateado de 6mm, dimensões conforme projeto.","m²",2.3600000000000003,1562.6200000000001,3687.78]
["20.8.6","584326-0","Fornecimento e instalação de grade de ferro em barra chata vertical de 1 1/2\" de largura com 1/4\" de espessura, e 10 cm de espaçamento entre cada barra, com cantoneira em L de 1 1/2\" de largura e 3/16\" de espessura, cor cinza igual à existente no local, grade chumbada na parede.","m²",4.1099999999999994,779.21,3202.55]
["20.9",null,"LOUÇAS E METAIS SANITÁRIOS",null,null,0,0]
["20.9.1","536055-2","Remoção de louças, de forma manual, sem reaproveitamento.","un",2,13.81,27.62]
["20.9.2","547030-7","Remoção e reassentamento de louças sanitárias","un",1,164.68,164.68]
["20.9.3","584477-0","Cuba de semiencaixe quadrada Ref.Q2, na cor branca, Celite ou equivalente técnico, incluso válvula, engate em aço inox e sifão flexível em pvc - fornecimento e instalação. ","un",6,850.5,5103]
["20.9.4"," 442617-7","Fornecimento e instalação de torneira de mesa para lavatório acionamento manual e fechamento automático, Fabrimar ou equivalente. (Wc's)","un",6,189.95,1139.7]
["20.9.5","582890-2","Fornecimento e instalação de bacia sanitária com caixa acoplada, linha azalea, Ref: 91351, sistema ecoflush 3/6 Ref: 91570, na cor branca, Celite ou equivalente técnico.","un",4,1030.8699999999999,4123.4799999999996]
["20.9.6","551254-9","Fornecimento e instalação de ducha higiênica com registro, linha Link, Ref: 1984.C.ACT.LNK.CR, da Deca ou equivalente técnico.","un",6,601.83000000000004,3610.98]
["20.9.7","566453-5","Fornecimento e instalação de chuveiro elétrico blindado, com controle de temperatura, material plástico, dispositivo DR - potência 6.500w.","un",2,434.78999999999996,869.58]
["20.10",null,"DIVERSOS",null,null,0,0]
["20.10.1","429778-4  ","Fornecimento de espelho cristal 4mm, colocado sobre chapas de isopor, fixado com parafuso de latão, inclusive assentamento.","m²",7.9590000000000005,504.13,4012.37]
["21.0",null,"INSTALAÇÕES HIDROSSANITÁRIAS",null,null,0,0]
["21.1",null,"ÁGUA FRIA",null,null,0,0]
["21.1.1","486134-5","Instalação de tubos de pvc, soldável, água fria, dn 25 mm (instalado em ramal, sub-ramal, ramal de distribuição ou prumada), inclusive conexões, cortes e fixações, para prédios.","m",30,51.510000000000005,1545.3]
["21.1.2","422039 - 0","Registro de gaveta bruto, latão, roscável, 3/4\", com acabamento e canopla cromados - fornecimento e instalação.","un",5,116.69999999999999,583.5]
["21.1.3","456974-1","Registro de pressão bruto, latão, roscável, 3/4\", com acabamento e canopla cromados - fornecimento e instalação.","un",2,110.75,221.5]
["21.2",null,"ESGOTO",null,null,0,0]
["21.2.1","469086-9","Instalação de tubo de pvc, série normal, esgoto predial, dn 40 mm (instalado em ramal de descarga ou ramal de esgoto sanitário), inclusive conexões, cortes e fixações, para prédios.","m",5,71.17,355.85]
["21.2.2","495308-8","Instalação de tubo pvc, série normal, esgoto predial, dn 50 mm (instalado em ramal de descarga ou ramal de esgoto sanitário), inclusive conexões, cortes e fixações para, prédios.","m",2,113.32,226.64]
["21.2.3","457558-0","Instalação de tubo pvc, série normal, esgoto predial, 100 mm (inst. ramal descarga, ramal de esg. sanit., prumada esg. sanit., ventilação ou sub-coletor aéreo), incl. conexões e cortes, fixações, p/ prédios.","m",40,81.550000000000011,3262]
["21.2.4","530090-8","Caixa sifonada, com grelha redonda, pvc, dn 150 x 150 x 50 mm, junta soldável, fornecida e instalada em ramal de descarga ou em ramal de esgoto sanitário.","un",5,83.389999999999986,416.95]
["21.2.5","436177-6 ","Caixa de inspeção esgoto em alvenaria de tijolos maciços esp. = 0,12m, dim. int. = 0.60 x 0.60 x 0.60m","un",2,683.26,1366.52]
["21.3",null,"OBRAS CIVIS",null,null,0,0]
["21.3.1","281497-8","Escavação manual de vala ou cava em material de 1ª categoria, profundidade até 1,50m.","m³",1.05,74.5,78.22]
["21.3.2","435286-6","Reaterro manual apiloado com soquete. af_10/2017","m³",1.05,59.56,62.53]
["22.0",null,"INSTALAÇÕES DE PROTEÇÃO E COMBATE A INCÊNDIO",null,null,0,0]
["22.1",null,"HIDRANTE",null,null,0,0]
["22.1.1",null,"Abrigo para hidrante interno, inclusive caixa embutir chapa ferro n.º 14, dimensões 0.90 x 0.60 x 0.17 m, registro tipo globo 2 1/2\", com 02 mangueiras (15m) com esguicho e conexões.","und",4,3868.04,15472.16]
["22.1.2",null,"Hidrante de recalque incluindo caixa em alvenaria de tijolos maciços esp. = 0,12m, dim. int. = 0.40 x 0.60 x 0.35m, com tampa em ferro fundido 0,40 x 0,60 e fundo com brita.","und",1,1241.52,1241.52]
["22.1.3",null,"Tubo de aço galvanizado com costura, classe média, dn 65 (2 1/2\"), conexão rosqueada, instalado em rede de alimentação para hidrante - fornecimento e instalação. Af_10/2020.","m",100,123.37,12337]
["22.1.4",null,"Tubo de aço galvanizado com costura, classe média, dn 80 (3\"), conexão rosqueada, instalado em rede de alimentação para hidrante - fornecimento e instalação. af_10/2020.","m",10,163.1,1631]
["22.1.5",null,"Adaptador galvanizado para caixa d'água de concreto 150mm x 3\" - Tupy ou similar.","und",1,251.53,251.53]
["22.1.6",null,"Registro de gaveta bruto, latão, roscável, 2 1/2\" - fornecimento e instalação. af_08/2021","und",2,361.40999999999997,722.82]
["22.1.7",null,"Registro de gaveta bruto, latão, roscável, 3\" - fornecimento e instalação. af_08/2021","und",2,438.57000000000005,877.14]
["22.1.8",null,"Válvula de retenção vertical, de bronze, roscável, 2 1/2\" - fornecimento e instalação. af_08/2021","und",1,443.57,443.57]
["22.1.9",null,"Bomba centrífuga, trifásica, 10 CV, FAB. Schnneider MOD. BC-22 R 1.1/2 10 CV - fornecimento e instalação. ","und",1,11893.78,11893.78]
["22.1.10",null,"Escavação manual de vala com profundidade menor ou igual a 1,30 m. Af_02/2021.","m³",6,98.25,589.5]
["22.1.11",null,"Reaterro manual apiloado com soquete. Af_10/2017.","m³",6,59.56,357.36]
["22.2",null,"ILUMINAÇÃO E SINALIZAÇÃO DE EMERGÊNCIA",null,null,0,0]
["22.2.1",null,"Fornecimento e instalação de Luminária autônoma de emergência p/aclaramento ou balizamento mod. LAU 2x11 c/2 lâmpadas 11W e bateria selada.","und",19,646.88,12290.72]
["22.2.2",null,"Fornecimento e instalação de placa de sinalização de segurança contra incêndio, fotoluminescente, retangular, *13 x 26* cm, em PVC *2* mm anti-chamas (símbolos, cores e pictogramas conforme NBR 13434).","und",18,50.52,909.36]
["22.2.3",null,"Placa de sinalizacao, fotoluminescente, em pvc , com logotipo \"Extintor de incêndio portátil\"- Placa E5.","und",15,20.299999999999997,304.5]
["22.2.4",null,"Placa de sinalizacao, fotoluminescente, em pvc , com logotipo \"Hidrante de incêndio\" - Placa E9.","und",4,20.53,82.12]
["22.2.5",null,"Pintura de demarcação de vaga com tinta acrílica, E = 10 cm, aplicação manual. Af_05/2021. (sinalização de piso dos equipamentos de combate a incêndio)","m",56,4.91,274.95999999999998]
["22.3",null,"EXTINTORES",null,null,0,0]
["22.3.1",null,"Extintor de incêndio portátil com carga de CO2 de 6 kg, classe BC - fornecimento e instalação. Af_10/2020_P.","und",4,908.87,3635.48]
["22.3.2",null,"Extintor de incêndio portátil com carga de PQS de 8 KG, classe BC - fornecimento e instalação. Af_10/2020_P.","und",9,377.31,3395.79]
["22.3.3",null,"Extintor de incêndio portátil com carga de água pressurizada de 10 L, classe a - fornecimento e instalação. Af_10/2020_P.","und",2,284.01,568.02]
["23.0",null,"INSTALAÇÕES ELÉTRICAS",null,null,0,0]
["23.1",null,"ELETRODUTOS",null,null,0,0]
["23.1.1",null,"Eletroduto de PVC rígido rosqueável de 3/4\", com luva de rosca interna e acessórios de fixação (abraçadeira) - Fornecimento e instalação.","m",36,22.83,821.88]
["23.1.2",null,"Eletroduto de PVC rígido rosqueável de 3/4\", com luva de rosca interna e acessórios, assentado em valas com profundidade de 0,60m, inclusive escavação e reaterro - Fornecimento e instalação.","m",4,85.92,343.68]
["23.1.3","497656-8","Canatela Lisa PVC 50x20 e acessórios de fixação - Fornecimento e instalação.","m",212,40.01,8482.1200000000008]
["23.2",null,"CABOS ",null,null,0,0]
["23.2.1","533918-9","Cabo de cobre flexível, isolado classe 4 ou 5, seção nominal de 2,5mm², anti-chama, 450/750V - 70ºC, inclusive  instalação em eletroduto/eletrocalha.","m",90,4.96,446.4]
["23.3",null,"PROTEÇÃO",null,null,0,0]
["23.3.1","589323-2","Disjuntor termomagnético monopolar, corrente nominal de 6A a 16A, padrão DIN, Siemens ou equivalente, incluindo terminal à compressão. Fornecimento e instalação. ","und",2,40.36,80.72]
["23.4",null,"CAIXAS",null,null,0,0]
["23.4.1","497660-6","Caixa retangular 4x2\", em PVC com tampa, sobrepor - Fornecimento e instalação","und",2,28.84,57.68]
["23.4.2","564436-4","Caixa retangular 4x2\", em PVC, instalada em alvenaria - Fornecimento e instalação.","und",6,18.350000000000001,110.1]
["23.4.3","584356-1","Caixa retangular 4x4\" em PVC, instalada em alvenaria - Fornecimento e instalação.","und",10,42,420]
["23.5",null,"PONTOS",null,null,0,0]
["23.5.1","587074-7","Ponto para tomada 2p+t (simples) de sobrepor, composto por fiação em cabo de cobre flexível de 2,5mm², com isolação em PVC ,  e classe térmica 70° C, isolação 750V - Fornecimento e instalação. ","pt",19,196.13,3726.47]
["23.6",null,"TOMADAS/INTERRUPTORES",null,null,0,0]
["23.6.1","480029-0","Interruptor de embutir de uma seção para caixa 4x2 pol., composto por suporte, placa e módulo na linha Pialplus ou equivalente, na cor bege e demais acessórios, inclusive instalação.","cj",6,30.68,184.08]
["23.6.2","52447-8","Tomada simples de sobrepor para caixa 4x2\", composta por suporte, placa para um posto e um módulo de tomada 2P+T, 10A, 250V,  cor Branca, linha Pialplus ou equivalente. Fornecimento e instalação.","cj",19,32.49,617.30999999999995]
["23.7",null,"LUMINÁRIAS",null,null,0,0]
["23.7.1",null,"Luminária de embutir p/ 02 (duas) lâmpadas LED de 18W, sem alojamento; corpo em chapa de aço galvanizado c/ pintura eletrostática em pó de poliéster epóxi; refletor facetado em alumínio anodizado de alta pureza e refletância; aletas parabólicas em alumínio; soquetes em policarbonato; inclusive lâmpadas LED tubular Philips, Osram, ou equivalente, 2x18W, 220V, demais acessórios e instalação. Ref. Lumicenter, Luminárias Projeto, Itaim, Stillux, Indelpa ou equivalente. 0,5m de cabo PP2,5mm², 01 conector macho, 01 conector fêmea.","cj",10,200.47,2004.7]
["24.0",null,"LIMPEZA FINAL E DESMOBILIZAÇÃO DA OBRA",null,null,0,0]
["24.1","431654-1","Limpeza Geral da Obra","m²",150,3.8499999999999996,577.5]
["24.2","314578-6","Desmobilização da Obra (pessoal, máquinas e equipamentos).","un",1,1633.42,1633.42]
["TOTAL DA OBRA:",null,null,null,null,null,{"$f":"SUM(G11:G292)-7.13","v":1035752.6700000003}]